EXAM- ORIENTED AMATOMY-BELOW DIAPHRAGM (Record no. 1313)

MARC details
000 -LEADER
fixed length control field 00356nam a2200145Ia 4500
008 - FIXED-LENGTH DATA ELEMENTS--GENERAL INFORMATION
fixed length control field 150201s2011 xx 000 0 und d
082 ## - DEWEY DECIMAL CLASSIFICATION NUMBER
Classification number 611
Item number A11K
100 ## - MAIN ENTRY--PERSONAL NAME
Personal name KAZI , SHOUKAT , N.
245 ## - TITLE STATEMENT
Title EXAM- ORIENTED AMATOMY-BELOW DIAPHRAGM
250 ## - EDITION STATEMENT
Edition statement 1ST
260 ## - PUBLICATION, DISTRIBUTION, ETC. (IMPRINT)
Name of publisher, distributor, etc. CBS
Place of publication, distribution, etc. DELHI
Date of publication, distribution, etc. 2011
300 ## - PHYSICAL DESCRIPTION
Extent 1-285
650 ## - SUBJECT ADDED ENTRY--TOPICAL TERM
Topical term or geographic name as entry element HUMAN ANATOMY
942 ## - ADDED ENTRY ELEMENTS (KOHA)
Source of classification or shelving scheme Dewey Decimal Classification
Koha item type Books
Koha issues (borrowed), all copies 43
Holdings
Withdrawn status Lost status Source of classification or shelving scheme Damaged status Not for loan Collection code Home library Current library Shelving location Date acquired Source of acquisition Cost, normal purchase price SGTU Bill Number Total Checkouts Full call number Barcode Date last seen Date last checked out Bill Date Koha item type
    Dewey Decimal Classification     MEDICAL SGT Medical Library SGT Medical Library Text Book 07/12/2011 UBS 810.00 SGTU 579 18 611 A11K FM4886 27/06/2025 12/06/2025 20/12/2011 Books
    Dewey Decimal Classification     MEDICAL SGT Medical Library SGT Medical Library Text Book 07/12/2011 UBS 810.00 SGTU 579 32 611 A11K FM4887 13/06/2025 02/06/2025 20/12/2011 Books
    Dewey Decimal Classification     MEDICAL SGT Medical Library SGT Medical Library Text Book 07/12/2011 UBS 810.00 SGTU 579 26 611 A11K FM4888 16/07/2025 03/07/2025 20/12/2011 Books
    Dewey Decimal Classification     MEDICAL SGT Medical Library SGT Medical Library Text Book 07/12/2011 UBS 810.00 SGTU 579 34 611 A11K FM4889 01/05/2026 16/03/2026 20/12/2011 Books
    Dewey Decimal Classification     MEDICAL SGT Medical Library SGT Medical Library Text Book 07/12/2011 UBS 810.00 SGTU 579 32 611 A11K FM4890 16/04/2026 04/04/2026 20/12/2011 Books